Suma moral para examen de curas y confessores (Record no. 8539)
[ view plain ]
| 000 -CABECERA | |
|---|---|
| campo de control de longitud fija | 00968nam a2200217 a 4500 |
| 001 - NÚMERO DE CONTROL | |
| campo de control | BRCA_8888 |
| 005 - FECHA Y HORA DE LA ÚLTIMA TRANSACCIÓN | |
| campo de control | 20190320210440.0 |
| 008 - DATOS DE LONGITUD FIJA--INFORMACIÓN GENERAL | |
| campo de control de longitud fija | 150617s1775----sp-#######---#000-0#spa-# |
| 041 ## - CÓDIGO DE LENGUA | |
| Código de lengua del texto/banda sonora o título independiente | spa |
| 044 ## - CÓDIGO DEL PAÍS DE LA ENTIDAD EDITORA/PRODUCTORA | |
| Código MARC del país | sp |
| 084 ## - OTRO NÚMERO DE CLASIFICACIÓN | |
| Número de clasificación | CO40 |
| Número de documento/Ítem | .F47 [1775] |
| 100 1# - ENTRADA PRINCIPAL--NOMBRE DE PERSONA | |
| Nombre de persona | Ferrer, Vicente |
| 9 (RLIN) | 22118 |
| 245 10 - MENCIÓN DE TÍTULO | |
| Título | Suma moral para examen de curas y confessores |
| Resto del título | que a la luz del sol de las escuelas Santo Thomas |
| Mención de responsabilidad, etc. | dio al publico el P. M. Fr. Vicente Ferrer; añadida, y dispuesta para uso de principiantes por el M. Fr. Luis Vicente Mas; parte II. |
| 260 ## - PUBLICACIÓN, DISTRIBUCIÓN, ETC. | |
| Lugar de publicación, distribución, etc. | Valencia |
| Nombre del editor, distribuidor, etc. | Por Francisco burguete, Impressor del Santo Oficio |
| Fecha de publicación, distribución, etc. | [1775] |
| 300 ## - DESCRIPCIÓN FÍSICA | |
| Extensión | 616 p. (t.2) |
| Dimensiones | 21.3 x 15.5 cm |
| 500 ## - NOTA GENERAL | |
| Nota general | Estado físico: encuadernación en pergamino con cintas rotas, presencia del pez de plata, carece de portada por lo que se anexa una impresión de la misma |
| 650 14 - PUNTO DE ACCESO ADICIONAL DE MATERIA--TÉRMINO DE MATERIA | |
| Término de materia o nombre geográfico como elemento de entrada | Iglesia católica |
| Subdivisión cronológica | Obras anteriores a 1800 |
| 9 (RLIN) | 22119 |
| 700 1# - PUNTO DE ACCESO ADICIONAL--NOMBRE DE PERSONA | |
| Nombre de persona | Luis vicente Mas |
| 9 (RLIN) | 22120 |
| 902 ## - CATALOGADOR | |
| Iniciales | CFM |
| 942 ## - ELEMENTOS DE PUNTO DE ACCESO ADICIONAL (KOHA) | |
| Fuente del sistema de clasificación o colocación | Library of Congress Classification |
| Tipo de ítem Koha | Libros |
| Estado de retiro | Estado de pérdida | Estado dañado | No para préstamo | Localización permanente | Ubicación/localización actual | Fecha de adquisición | Total de préstamos | Signatura topográfica completa | Código de barras | Fecha visto por última vez | Precio válido a partir de | Tipo de ítem Koha |
|---|---|---|---|---|---|---|---|---|---|---|---|---|
| El ejemplar forma parte de la colección y puede ser consultado según las políticas vigentes. | Biblioteca del Museo Franz Mayer (Rogerio Casas-Alatriste) | Biblioteca del Museo Franz Mayer (Rogerio Casas-Alatriste) | 15/06/2017 | CO40 .F47 [1775] | CFM00211 | 22/03/2019 | 22/03/2019 | Libros |